| 000 -LEADER |
| fixed length control field |
00895nam a22001577a 4500 |
| 003 - CONTROL NUMBER IDENTIFIER |
| control field |
LRUA |
| 005 - DATE AND TIME OF LATEST TRANSACTION |
| control field |
20191003155631.0 |
| 008 - FIXED-LENGTH DATA ELEMENTS--GENERAL INFORMATION |
| fixed length control field |
191003b xxu||||| |||| 00| 0 eng d |
| 040 ## - CATALOGING SOURCE |
| Transcribing agency |
RUA |
| 082 ## - DEWEY DECIMAL CLASSIFICATION NUMBER |
| Classification number |
ANS CHA 2018 B.468 Or.1 |
| 100 ## - MAIN ENTRY--PERSONAL NAME |
| 9 (RLIN) |
13944 |
| Personal name |
CHAMEROEURN CHAMREN ; ចំរើន ចំរ៉ែន |
| 245 ## - TITLE STATEMENT |
| Title |
ការប្រៀបធៀបចំណីសម្រេចរបស់ក្រុមហ៊ុន VASA FEED និងចំណីផ្សមលើការលូតលាស់របស់មាន់ពូជក្នុងស្រុកនៅក្រុងតាខ្មៅ ខេត្តកណ្ដាល, Comparison of vasa feed company's concentrated with self formulated feed on growth performent of local chicke at vbc centre at takhmao city, kadal province. |
| 260 ## - PUBLICATION, DISTRIBUTION, ETC. (IMPRINT) |
| Place of publication, distribution, etc. |
RUA |
| Name of publisher, distributor, etc. |
PHNOM PENH |
| Date of publication, distribution, etc. |
2018 |
| 300 ## - PHYSICAL DESCRIPTION |
| Extent |
viii, 42p, |
| Other physical details |
ill; |
| Dimensions |
29cm; |
| 942 ## - ADDED ENTRY ELEMENTS (KOHA) |
| Source of classification or shelving scheme |
|
| Koha item type |
ANS |